01187nam a2200193Ia 4500001001100000003001000011008004100021040002500062041001300087100002400100245010000124250001100224260007600235300001200311500026000323501011400583520026000697650003600957L200-53009IT-CnALBA170116s9999||||xx |||||||||||||| ||und|| aIT-CnALBAcIT-CnALBA aITALIANO aDALLE FRATTE SANDRO 0aVITA SPIRITUALE E FORMAZIONE. L'ACCOMPAGNAMENTO PERSONALE IN G.B. SCARAMELLI S.J. (1687-1752).  a1a ed. aMILANObGLOSSA EDIZIONI c1999 [1° Ed.:1999 - Ed.Ling.Originale: 1999] a308 p.  aDISSERTAZIONE. PREFAZIONE. INTRODUZIONE. ARGOMENTO E LIMITI. STATO ANNUALE RICERCA. DOMANDE E METODO. SVILUPPO E ARGFOMENTO. AUTORE E FORMAZIONE. VITA OPERE. COLLACAZIONE STORICO RELIGIOSA. CONTESTO. VISSUTO TRA ASCESI E MISTICA. SITUAZIONE DELLA COMPAGNI aSocietà San Paolo EM - Piazza San Paolo, 14 - 12051 ALBA (CN) (non commercial uses only) ® Copyright 2017 aDISSERTAZIONE. PREFAZIONE. INTRODUZIONE. ARGOMENTO E LIMITI. STATO ANNUALE RICERCA. DOMANDE E METODO. SVILUPPO E ARGFOMENTO. AUTORE E FORMAZIONE. VITA OPERE. COLLACAZIONE STORICO RELIGIOSA. CONTESTO. VISSUTO TRA ASCESI E MISTICA. SITUAZIONE DELLA COMPAGNI aRELIGIONE - RELIGIONE CRISTIANA